Học tập và làm theo tấm gương đạo đức Hồ Chí Minh về cán bộ và công tác cán bộ /

Đã lưu trong:
書目詳細資料
主要作者: Phương Minh Hòa, TS.
格式: Bài viết
語言:Vietnamese
主題:
標簽: 添加標簽
沒有標簽, 成為第一個標記此記錄!
Thư viện lưu trữ: Thư viện Trường Đại học Đà Lạt
LEADER 00850nam a2200265 4500
001 DLU120133074
005 ##20120329
040 # # |a DLU  |b vie 
041 # # |a vie 
044 # # |a vn 
100 # # |a Phương Minh Hòa,   |c TS. 
245 # # |a Học tập và làm theo tấm gương đạo đức Hồ Chí Minh về cán bộ và công tác cán bộ /  |c Phương Minh Hòa. 
653 # # |a Đạo đức cách mạng 
653 # # |a Đạo đức nghề nghiệp 
653 # # |a Tư tưởng Hồ Chí Minh 
773 # # |t Tạp chí Cộng sản  |g Số 8(802), 2009, tr. 9-13 
920 # # |a Phòng Tạp chí -- Trung tâm Thông tin - Thư viện Trường Đại học Đà Lạt 
994 # # |a DLU 
900 # # |a True 
911 # # |a Nguyễn Thị Linh Chi 
925 # # |a G 
926 # # |a A 
927 # # |a BB 
980 # # |a Thư viện Trường Đại học Đà Lạt